000 00760nam a22001817a 4500
003 UA-OsUOA
001 10378
007 ta
008 20050116b un ||||| |||| 00| 0 ukr d
100 _aСебастіянська О.
942 _cSA
040 _aUA-OsUOA
_cUA-OsUOA
_dUA-OsUOA
245 _aХресний
_b[Про священника-патріота, отця Павла (Назарчука) з с. Гільча Здолбунів. р-ну, який організував місцевих селян на опір нім. загарбникам, а потім і більшов. режимові]
300 _aС.3
955 _a0
773 0 _w0
_tВісті Рівненщини
_dРівне
_d2005
_g№3/12 січ./
650 7 _aІсторія
_2UDC
999 _c296539
_d296539